LIBRARY & INFORMATION CENTRE, KCAET, TAVANUR

ONLINE PUBLIC ACCESS CATALOGUE (OPAC)

Rural development (Record no. 1677)

MARC details
000 -LEADER
fixed length control field 00384cam a2200169ua 4500
041 ## - LANGUAGE CODE
Language code of text/sound track or separate title eng
082 ## - DEWEY DECIMAL CLASSIFICATION NUMBER
Classification number 307.72
Item number KAT/RU
100 ## - MAIN ENTRY--AUTHOR NAME
Personal name Katar, Singh .
245 ## - TITLE STATEMENT
Title Rural development
260 ## - PUBLICATION, DISTRIBUTION, ETC. (IMPRINT)
Place of publication New Delhi :
Name of publisher Sage Publications ,
Year of publication 1995.
300 ## - PHYSICAL DESCRIPTION
Number of Pages 391 ; .
942 ## - ADDED ENTRY ELEMENTS (KOHA)
Koha item type Books
Holdings
Withdrawn status Lost status Damaged status Home library Current library Date acquired Full call number Accession Number Koha item type
      KAUAET KAUAET 07/04/2012 307.72 19777 Books
free website counter